Daily Capital City Riddle #69 - Statistics

General Stats
  • This quiz has been taken 48 times
  • The average score is 27 of 34
Answer Stats
Type Answer % Correct
Found Letter A
100%
Alphabet Letter N
100%
Found Letter R
100%
Alphabet Letter D
95%
Found Letter E
95%
Found Letter I
95%
Alphabet Letter O
95%
Found Letter S
95%
Alphabet Letter T
95%
Alphabet Letter M
92%
Alphabet Letter U
92%
Alphabet Letter C
89%
Alphabet Letter B
86%
Found Letter G
86%
Alphabet Letter H
86%
Found Letter L
86%
Alphabet Letter Y
84%
Correctly Placed Letter I
81%
Alphabet Letter K
81%
Alphabet Letter P
81%
Alphabet Letter W
78%
Correctly Placed Letter E
76%
Correctly Placed Letter R
76%
Alphabet Letter V
70%
Correctly Placed Letter A
68%
Alphabet Letter F
68%
Alphabet Letter J
68%
Alphabet Letter X
68%
Correctly Placed Letter G
59%
Correctly Placed Letter S
59%
Alphabet Letter Z
59%
Alphabet Letter Q
57%
Mystery Capital Algiers
54%
Correctly Placed Letter L
54%
No matching quizzes found
Score Distribution
Percent of People with Each Score
Percentile by Number Answered
Your Score History
You have not taken this quiz